Biochemistry

Bibliographic Details
Main Authors: Datta, S. P., Ottaway, J. H.
Format: Section = Libro
Language:Undetermined
Spanish
Published: The Macmillan Company 1976
Edition:3a.ed
Subjects:
LEADER 00542nam a2200217Ia 4500
008 240830s9999 xx 000 0 und d
020 |a 0-7020-0512-6 
040 |a CEDOC FIQ-RUSB / 570 D234 
041 |a spa 
082 |a 570 D234 
100 1 |a Datta, S. P. 
100 1 |b Ottaway, J. H. 
245 1 0 |a Biochemistry 
250 |a 3a.ed 
260 |b The Macmillan Company  |c 1976 
300 |a 504 p.: il. 
650 7 |a CIENCIAS BIOLÓGICAS 
650 7 |b  CONCENTRACIÓN DE IONES DE HIDRÓGENO 
942 |c BK  |2 ddc 
991 |a TEXTO 
999 |c 27135